1108 1247 1308 1274 1924 1891 1137 1846 1577 1996 1030 1614 1894 1374 1298 1128 1031 1755 1501 1070 1672 1234 1217 1940 1306 1006 1684 1661 1825 1314 1132 1529 1817 1504 1312 1743 1535 1794 1057 1547 1668 1700 1175 1930 1395 1122 1687 1692 1935 1822 1770 1231 1542 1056 1759 1964 1158 1779 1023 1333 1954 1948 1106 1143 1835 1289 1530 1909 1546 1672 1569 1731 1298 1060 1218 1742 1848 1812 1328 1996 1921 1767 1805 1523 1640 1655 1831 1936 1896 1452 1389 1287 1883 1191 1054 1374 1471 1426 1816 BCNSPRNW ULIB Ver.6.0+V

เปลี่ยนเป็นภาษาไทย

Change to English
 แสดงรายละเอียดบรรณานุกรม
  กลับหน้าหลัก

Brief Record : Get Marc (ISO 2709) : E-mail record : QR code < ปิดหน้าต่าง
LEADER : 00000nam 2200000uu 4500
001    13399111135
003     ULIB
008    110616s||||||||th 000 0 tha d
020    9789740321347
050  4 BF576^bว848ช 2551
100 0  วีระวัฒน์ ปันนิตามัย
245 10 เชาวน์อารมณ์ =^bEmotional quotient - EQ :^bดัชนีเพื่อความสุขและความสำเร็จของชีวิต ฉบับปรับปรุงเพิ่มAQ และ MQ /^cวีระวัฒน์ ปันนิตามัย
246 14 เชาวน์อารมณ์ (EQ) :^bดัชนีเพื่อความสุขและความสำเร็จของชีวิต ฉบับปรับปรุงเพิ่มAQ และ MQ
246 30 ดัชนีเพื่อความสุขและความสำเร็จของชีวิต
246 31 Emotional quotient - EQ
250    พิมพ์ครั้งที่ 7 (ฉบับปรับปรุง)
260    กรุงเทพฯ :^bสำนักพิมพ์แห่งจุฬาลงกรณ์มหาวิทยาลัย,^c2551
300    401 หน้า ;^c21 ซม.
650  7 ความฉลาดทางอารมณ์
650  7 เชาวน์
650  7 อารมณ์
945    ^p190^l0^i024503
945    ^p190^l0^i024502
945    ^p190^l0^i024501
995    ทศพร
999 ^a ใช้งานได้ทุกระบบ
รายการนี้ยังไม่มีแท็ก
คุณยังไม่ได้ล็อกอิน คุณสามารถมีกิจกรรมร่วมกับเว็บไซต์ได้ แต่ต้องล็อกอินก่อน ::
  ล็อกอิน

รายการสื่อสารสนเทศ

ลำดับที่ ประเภท เลขเรียก/บาร์โค้ด สถานที่ สถานะ
- ไม่พบข้อมูล -

รายการใกล้เคียง
    ผู้แต่ง [วีระวัฒน์ ปันนิตามัย]

    หัวเรื่อง [ความฉลาดทางอารมณ์]
    หัวเรื่อง [เชาวน์]
    หัวเรื่อง [อารมณ์]

BibComment


ยังไม่เคยถูกคอมเมนท์

คอมเมนท์ทรัพยากรรายการนี้
  คอมเมนท์: เชาวน์อารมณ์ Emo..


 Copyright 2026. Bcnsprnw @Library